SEWAGE AND SEWAGE TREATMENT (Record no. 216094)

MARC details
000 -LEADER
fixed length control field 00437nam a22001577a 4500
008 - FIXED-LENGTH DATA ELEMENTS--GENERAL INFORMATION
fixed length control field 250915b |||||||| |||| 00| 0 eng d
020 ## - INTERNATIONAL STANDARD BOOK NUMBER
International Standard Book Number 979-8-88715-315-5
100 ## - MAIN ENTRY--PERSONAL NAME
Personal name STUART, JESSIE
245 ## - TITLE STATEMENT
Title SEWAGE AND SEWAGE TREATMENT
260 ## - PUBLICATION, DISTRIBUTION, ETC.
Place of publication, distribution, etc. DUBLIN
Name of publisher, distributor, etc. ORYSON PRESS
Date of publication, distribution, etc. 2024
300 ## - PHYSICAL DESCRIPTION
Extent VI, 254P.
500 ## - GENERAL NOTE
General note INCLUDES INDEX
650 ## - SUBJECT ADDED ENTRY
Topical term or geographic name entry element 1. SEWAGE PURIFICATION 2. SASTE WATER TREATMENT
942 ## - ADDED ENTRY ELEMENTS (KOHA)
Source of classification or shelving scheme Library of Congress Classification
Koha item type Long Loan Book
Holdings
Withdrawn status Lost status Source of classification or shelving scheme Damaged status Not for loan Home library Current library Date acquired Inventory number Total checkouts Full call number Barcode Date last seen Copy number Price effective from Koha item type
    Library of Congress Classification     Kisii University Library Kisii University Library 09/15/2025 109569   TD 746 .S78 2024 000000023873 09/15/2025 1 09/15/2025 Long Loan Book
    Library of Congress Classification     Kisii University Library Kisii University Library 09/15/2025 109570   TD 746 .S78 2024 000000023872 09/15/2025 2 09/15/2025 Long Loan Book
    Library of Congress Classification     Kisii University Library Kisii University Library 09/15/2025 109571   TD 746 .S78 2024 000000023868 09/15/2025 3 09/15/2025 Long Loan Book
    Library of Congress Classification     Kisii University Library Kisii University Library 09/15/2025 109572   TD 746 .S78 2024 000000023869 09/15/2025 4 09/15/2025 Long Loan Book